000
00445nam a22001337a 4500
020
_a
9780415695411
082
_a
302.23081
100
_a
Tonny Krijnen and Sofie Van Bauwel
245
_a
Gender and media
260
_a
London
_b
Routledge
_c
2015
300
_a
208p
942
_c
BK
999
_c
3440
_d
3440